| 000 | 00562nam a2200181 i 4500 | ||
|---|---|---|---|
| 001 | 90474 | ||
| 003 | ES-MaACL | ||
| 005 | 20250822031119.0 | ||
| 007 | t| | ||
| 008 | 050120s1971 sp ||||1| spa d | ||
| 100 | 1 |
_aLegrand, Louis. _971297 |
|
| 245 | 1 | 0 |
_aPsicología aplicada a la educación intelectual / _cLouis Legrand ; traducción por Diorki. |
| 260 |
_aMadrid : _bStudium, _c[1971] |
||
| 300 |
_a190 p. ; _c21 cm. |
||
| 650 | 0 | 7 |
_aPsicología de la educación _2embne _916558 |
| 852 |
_aES-MaACL _jC-41115 _bR.80298 |
||
| 999 |
_c90474 _d90474 |
||